Statistiques concernant les départs de DCG/DSCG

Cliquez ici pour prendre le quiz!

Statistiques générales

  • Ce quiz a été pris 35 fois
    (2 depuis la dernière actualisation)
  • Le résultat moyen est 14 sur 29

Statistiques - réponses

ordre des départsprénoms% Correct
L1Jules
100%
L3Alexis
50%
L3 diplôméAlvin
50%
L2Amandine
50%
L1Cécile
50%
L1Claire
50%
L2Émilie
50%
L3Evan
50%
L2Fawzy
50%
Non diplôméHugo
50%
L1Jessica
50%
L2Léna
50%
RedoublementLoubna
50%
L1Marin
50%
L3 diplôméMélanie
50%
L1Naim
50%
L3Nicolas
50%
Non diplôméNicolas
50%
Non diplôméNumidia
50%
L2Paul
50%
M1Riyad
50%
L3Robin
50%
RedoublementTaha
50%
L3Thomas
50%
L2Tom
50%
L2Tristan
50%
L1Anaïs
0%
L1Anthony
0%
L2Florian
0%

Distribution des résultats

Percentile par nombre de réponses

% des personnes avec chaque résultat

Votre développement - résultats

Vous n’avez pas pris ce quiz depuis la dernière actualisation